| 000 | 00771nam a2200205 i 4500 | ||
|---|---|---|---|
| 001 | 32918 | ||
| 003 | ES-MaACL | ||
| 005 | 20250729020313.0 | ||
| 007 | t| | ||
| 008 | 030131s1951 sp ||||1| spa d | ||
| 100 | 1 |
_aBermúdez Plata, Cristóbal. _928149 |
|
| 245 | 1 | 3 |
_aEl Archivo General de Indias de Sevilla, sede del americanismo / _cpor Cristóbal Bermúdez Plata. |
| 260 |
_aMadrid : _b[s.n., _c1951] ( _fImp. Góngora) |
||
| 300 |
_a40 p., 5 lám. ; _c21 cm. |
||
| 500 | _aPrecede al tít.: Cuerpo Facultativo de Archiveros, Bibliotecarios y Arqueólogos. | ||
| 610 | 2 | 4 |
_aArchivo General de Indias. _9149748 |
| 710 | 2 |
_aCuerpo Facultativo de Archiveros, Bibliotecarios y Arqueólogos _93354 |
|
| 852 |
_aES-MaACL _j1933-F-2 _bR.32287 |
||
| 999 |
_c32918 _d32918 |
||